| 000 | 03126cam a22004218i 4500 | ||
|---|---|---|---|
| 001 | 22116123 | ||
| 003 | JO-AjAnu | ||
| 005 | 20241110103601.0 | ||
| 008 | 210706s2021 nju b 001 0 eng | ||
| 010 | _a 2021033026 | ||
| 020 |
_a9780470425114 _q(paperback) |
||
| 020 |
_z9781119428039 _q(adobe pdf) |
||
| 020 |
_z9781119428015 _q(epub) |
||
| 040 |
_aDLC _beng _erda _cDLC _dJO-AjAnu |
||
| 042 | _apcc | ||
| 050 | 0 | 0 |
_aQR115 _b.Y686 2021 |
| 082 | 0 | 0 |
_a664.001/579 _223 |
| 100 | 1 |
_aYousef, Ahmed Elmeleigy, _eauthor. |
|
| 240 | 1 | 0 | _aFood microbiology |
| 245 | 1 | 0 |
_aAnalytical food microbiology : _ba laboratory manual / _cAhmed E. Yousef, The Ohio State University, Columbus, OH, USA, Joy G. Waite-Cusic, Oregon State University, Corvallis, OR, USA, Jennifer J. Perry, University of Maine, Orono, ME, USA. |
| 250 | _aSecond edition. | ||
| 263 | _a2111 | ||
| 264 | 1 |
_aHoboken, NJ : _bWiley, _c[2023] |
|
| 300 | _apages cm | ||
| 336 |
_atext _btxt _2rdacontent |
||
| 337 |
_aunmediated _bn _2rdamedia |
||
| 338 |
_avolume _bnc _2rdacarrier |
||
| 500 | _aRevison of: Food microbiology / Ahmed E. Yousef, Carolyn Carlstrom. c2003. | ||
| 504 | _aIncludes bibliographical references and index. | ||
| 520 |
_a"Food microbiology is the study of the microorganisms which inhabit, create or contaminate food. Of major importance is the study of microorganisms causing food spoilage. Food safety is a major focus of food microbiology, although "good" bacteria such as probiotics are becoming increasingly important in food science. This new edition bridges the gap between its predecessor, which emphasized conventional methods, and subsequent advances in analytical methodologies. Researchers and analysts strive to keep up with advances in microbiological methods. Although many techniques appear regularly in scientific literature, only a few of these are used routinely by analysts and even fewer are useable in teaching laboratories. In the time since the publication of the first edition, the authors of this book have screened many new published analytical methods for suitability as laboratory exercises. The new edition not only implements new and advanced analytical methods, but also improves currently used techniques. Since publication of the first edition, new selective and highly differential media have become available commercially. Some of the previous laboratory exercises included rapid detection kits that are no longer available from the manufacturer. Basic concepts have been modified to better reflect emerging food safety concerns. In the new laboratory manual, these issues are addressed in a creative manner"-- _cProvided by publisher. |
||
| 650 | 0 |
_aFood _xMicrobiology _vLaboratory manuals. |
|
| 700 | 1 |
_aWaite-Cusic, Joy G., _eauthor. |
|
| 700 | 1 |
_aPerry, Jennifer J., _eauthor. |
|
| 776 | 0 | 8 |
_iOnline version: _aYousef, Ahmed E. _tAnalytical food microbiology _bSecond edition. _dHoboken, NJ : Wiley, [2021] _z9781119428039 _w(DLC) 2021033027 |
| 906 |
_a7 _bcbc _corignew _d1 _eecip _f20 _gy-gencatlg |
||
| 942 |
_2lcc _cBK _n0 |
||
| 999 |
_c33850 _d33850 |
||